[Event "1st Gujarat GM Open 2018"]
[Site "Ahmedabad"]
[Date "2018.10.12"]
[Round "10"]
[White "Navalgund, Niranjan"]
[Black "Umang, Kaisary"]
[Result "1-0"]
[WhiteElo "2245"]
[BlackElo "1869"]
[Annotator "TA"]
[PlyCount "159"]
[EventDate "2018.10.05"]
[EventType "swiss"]
[EventCountry "IND"]
[SourceTitle "playchess.com"]
[Source "ChessBase"]
[SourceQuality "1"]

{[%evp 9,159,6,52,45,61,63,81,67,71,54,49,54,64,56,50,61,83,33,23,16,35,33,33,33,32,39,61,81,173,179,170,176,206,183,191,177,182,184,185,179,191,189,280,281,281,268,283,272,265,258,260,247,273,238,242,232,238,231,277,286,289,291,311,311,298,295,342,318,356,356,357,355,354,347,348,339,321,0,334,250,252,241,238,205,304,202,229,229,245,241,240,195,195,185,259,266,278,281,304,296,295,291,447,431,764,693,5422,5608,1659,1074,4931,765,745,745,679,671,830,347,672,629,827,387,797,475,475,475,805,797,785,777,29982,29983,29983,29984,29984,29985,29985,776,29986,29987,29990,29991,29991,29989,29992,29993,29993,29994,29994,29994,29998,29999]} 1. Nf3 d5 2. d4 c6 3. c4 Nf6 4. g3 Bg4 5. Ne5 Be6 (5... Bf5 6. cxd5 cxd5 7. Nc3 Nc6 8. f3 g6 9. Bg2 Bg7 10. Be3 O-O 11. O-O Nd7 12. Nxc6 bxc6 {½-½ (47) Giri,A (2762)-Solak,D (2626) Heraklio 2017}) 6. cxd5 {D11: Slav Defence: 3 Nf3 sidelines and 3...Nf6 4 e3 Bg4} Bxd5 7. f3 Nbd7 8. e4 $146 {And now Nxd7 would win.White is better.} ({Predecessor:} 8. Nc3 Be6 9. Nd3 Bc4 10. b3 Bxd3 11. Qxd3 e5 12. dxe5 Nxe5 {1-0 (39) Karpenko,A (2370)-Primbetov,K (2263) Moscow 2018}) 8... Be6 9. Nd3 Bc4 10. Be3 Bxd3 11. Qxd3 ({Reject} 11. Bxd3 e5 $11) 11... e5 12. Nc3 Qa5 13. Be2 exd4 14. Bxd4 O-O-O {White should prevent ...Nc5.} 15. O-O-O {Black must now prevent Qc4.} Bc5 16. Qe3 Bxd4 17. Rxd4 Ne5 18. Rhd1 Qb6 (18... Rxd4 $16 19. Rxd4 (19. Qxd4 Rd8 $14) 19... Ned7) 19. f4 $18 Ng6 20. Bc4 Rd7 21. Qg1 Rxd4 22. Qxd4 Qxd4 23. Rxd4 Rf8 24. e5 Nd7 {[#]} 25. Ne4 $1 c5 (25... Ngxe5 $142 26. fxe5 Nxe5) 26. Rd2 Kc7 27. Nd6 Ngxe5 28. Nb5+ ({Much less strong is} 28. fxe5 $6 Nxe5 29. Bf1 b6 $18) 28... Kb8 29. fxe5 Nxe5 30. Bd5 Rd8 31. Nc3 f6 32. a4 Kc7 33. Kc2 Ng4 34. Re2 Ne5 35. Be4 h6 36. Nd5+ Kb8 37. Nf4 Rd4 38. b3 Rd6 39. Nd3 c4 40. Nxe5 cxb3+ 41. Kxb3 fxe5 {[%mdl 4096] Endgame KRB-KR} 42. Bf5 Rd5 43. Be4 Rd6 $1 44. Bg2 Rd3+ 45. Kb2 Kc7 46. a5 Rd4 (46... b6 $142 47. axb6+ axb6 48. Rc2+ Kd7) 47. Rc2+ Kd6 48. Kc3 Ra4 49. Bxb7 Rxa5 50. Rd2+ Ke7 51. Kc4 Ra1 (51... h5 {was called for.} 52. Bc6 g6) 52. Kd5 Ra5+ 53. Ke4 Kf6 54. Bc6 Rc5 55. Bd5 Rc1 (55... a5 $142 56. Rf2+ Kg6 57. Kxe5 a4) 56. Rf2+ Kg5 (56... Ke7 $142 57. Kxe5 Re1+ 58. Be4 Rd1) 57. Kxe5 Re1+ 58. Be4 h5 59. Rf7 g6 60. Rf4 (60. Rg7 $142 Kg4 61. Rxg6+ Kh3 62. Rh6) 60... Re3 61. Kd4 {[#] Hoping for h4+.} Ra3 62. Bd3 Ra4+ 63. Bc4 (63. Ke3 $142 Rxf4 64. gxf4+ Kf6 65. h4) 63... a5 $2 (63... Ra3 64. Kc5 Rc3) 64. Ke3 Rb4 65. Bd3 (65. h4+ $142 Kh6 66. Bd3) 65... Rb6 $2 (65... h4 66. gxh4+ Kh6) 66. Ra4 Re6+ 67. Kf3 Re5 (67... Rf6+ $142 68. Kg2 Rd6 69. Rxa5+ Kf6) 68. Rc4 {Rc6 is the strong threat.} Rd5 69. Be4 Rb5 70. Rc6 {[%csl Ge4][%cal Rc6g6]} Rb3+ 71. Kg2 {[%csl Ge4][%cal Rc6g6]} Rb2+ 72. Kh3 {[%csl Ge4][%cal Rc6g6]} Kh6 73. Rxg6+ Kh7 74. Rb6+ {White mates.} Kh8 75. Rxb2 a4 76. Ra2 a3 77. Rxa3 h4 78. Kxh4 Kg7 79. Kg5 Kh8 80. Kf6 {Precision: White = 76%, Black = 40%.} 1-0

[Event "1st Gujarat GM Open 2018"]
[Site "Ahmedabad"]
[Date "2018.10.12"]
[Round "10"]
[White "Kumar, Gaurav"]
[Black "Tukhaev, Adam"]
[Result "0-1"]
[WhiteElo "2236"]
[BlackElo "2556"]
[Annotator "TA"]
[PlyCount "100"]
[EventDate "2018.10.05"]
[EventType "swiss"]
[EventCountry "IND"]
[SourceTitle "playchess.com"]
[Source "ChessBase"]
[SourceQuality "1"]

{[%evp 9,100,28,31,0,8,-19,1,-22,-9,-21,-4,-60,-23,-16,-9,-34,-40,-24,-28,-36,-26,-124,-72,-81,27,28,141,159,129,-120,-137,-141,-155,-152,-14,-39,-31,-53,-73,-66,-10,-10,-10,-10,-10,-10,-10,-12,-11,-11,-15,-31,-30,-30,-26,-32,-13,-65,-61,-64,-63,-84,-72,-66,-69,-72,-64,-89,-80,-72,-68,-66,-27,-40,0,-43,-47,-241,-246,-237,-231,-384,-376,-463,-459,-454,-441,-426,-386,-392,-392,-433,-429]} 1. e4 g6 2. d4 Bg7 3. Nf3 d6 4. Bc4 e6 5. Bg5 (5. Bb3 Ne7 6. O-O O-O 7. Re1 Nd7 8. c3 a6 9. Nbd2 b5 10. Nf1 c5 11. Ng3 Bb7 12. Bf4 e5 13. Be3 exd4 14. cxd4 {0-1 (40) Grandelius,N (2653)-Dubov,D (2677) Germany 2017}) 5... Ne7 {LiveBook: 9 Games} 6. Qd2 {B06: Modern Defence} h6 7. Bf4 g5 $146 ({Predecessor:} 7... Nd7 8. Nc3 a6 9. a4 b6 10. O-O g5 11. Bg3 Ng6 12. h3 Bb7 {½-½ (48) Kovanova,B (2368)-Vinokur,Y (2086) Satka 2017}) 8. Bg3 {The position is equal.} f5 9. exf5 Nxf5 10. h3 (10. Nc3 $11) 10... Nc6 {[%cal Rc6d4]} 11. c3 Bd7 12. Bh2 Qf6 13. O-O O-O-O 14. Re1 Rhg8 15. Qe2 (15. a4 $11) 15... Rde8 (15... h5 $142 $1 16. Bxe6 g4 17. Bxg8 gxf3) 16. Nbd2 {[#]} Bh8 (16... h5 $1 $17 {Hoping for ...g4.} 17. Ne4 Qh6) 17. g4 $11 h5 (17... Nh4 $11) 18. Ne4 $16 (18. gxh5 Qh6 $17) 18... Qf8 19. d5 $2 ({Much worse is} 19. Nexg5 $6 hxg4 20. hxg4 Nh6 $14) (19. gxf5 $16 exf5 20. Bxg8 (20. Nfxg5 Rxg5+ 21. Nxg5 Rxe2 $11) 20... Qxg8 21. Nfxg5 fxe4 22. Qxh5) 19... exd5 $17 20. Bxd5 hxg4 21. hxg4 Nh6 (21... Nh4 $17 22. Nfd2 (22. Nxh4 gxh4 23. f3 Rg6 $15) 22... Rg6) 22. Bxg8 Qxg8 23. Qd2 Nxg4 24. Bxd6 {Threatens to win with Rad1.} Qg6 ({Better is} 24... Be5 $1 $15) 25. Qxg5 $11 Qf7 26. Qf4 $1 {[%cal Rf4f7]} Qxf4 27. Bxf4 {Strongly threatening Nc5.} Rf8 $36 {[%mdl 2048] Black has some pressure.} 28. Bg3 {Black must now prevent Nc5.} Rxf3 29. Nc5 $1 {[%cal Rc5d7]} Be5 30. Kg2 Rf8 31. Nxd7 Kxd7 32. Rad1+ Kc8 33. f3 ({White should play} 33. Rd5 $11) 33... Bxg3 $15 34. Kxg3 Nge5 35. f4 Nc4 36. b3 Nd6 37. Rd5 Nf5+ 38. Kf3 Nce7 39. Rde5 Kd7 40. Rd1+ Ke8 41. c4 Rg8 42. Rdd5 (42. Rc5 $5 {[%cal Rc5c7]}) 42... Nh4+ 43. Ke4 $2 {[#]} (43. Ke3 $15) 43... Nhg6 $1 $19 44. Re6 Kf7 45. f5 $2 (45. Rxe7+ {keeps fighting.} Kxe7 46. b4) 45... Nxd5 46. Rxg6 Nf6+ 47. Ke5 Re8+ 48. Kd4 Re4+ 49. Kd3 {Rxf6+! is the strong threat.} Rf4 50. Rg5 Rf2 {Precision: White = 41%, Black = 54%.} 0-1

[Event "1st Gujarat GM Open 2018"]
[Site "Ahmedabad"]
[Date "2018.10.12"]
[Round "10"]
[White "Sahil, Tickoo"]
[Black "Kasparov, Sergey"]
[Result "1/2-1/2"]
[WhiteElo "2217"]
[BlackElo "2453"]
[Annotator "TA"]
[PlyCount "77"]
[EventDate "2018.10.05"]
[EventType "swiss"]
[EventCountry "IND"]
[SourceTitle "playchess.com"]
[Source "ChessBase"]
[SourceQuality "1"]

{[%evp 17,77,7,3,0,6,-29,-22,-25,-25,-29,-23,-38,-37,-35,-27,-27,-32,-28,-35,-60,-39,-32,-26,-29,-10,-10,-10,-10,0,0,0,0,0,0,0,0,0,0,7,0,51,3,11,0,0,0,0,0,0,0,0,0,0,0,0,0,0,0,0,0,0,0]} 1. d4 d5 2. Bf4 Nf6 3. e3 e6 4. Nd2 c5 5. c3 Nc6 6. Ngf3 Be7 7. Bd3 b6 8. Ne5 {D02: Damenbauernspiele} (8. Qe2 Bb7 9. Rd1 Bd6 10. Bg3 Bxg3 11. hxg3 Qe7 12. dxc5 Qxc5 13. e4 dxe4 14. Nxe4 Nxe4 15. Bxe4 h6 {1-0 (50) Stocek,J (2560)-Sousa,A (2374) Karlsruhe 2017}) 8... Nxe5 9. Bxe5 O-O {LiveBook: 3 Partien} 10. Qf3 Bb7 11. Bxf6 $146 ({Vorgänger:} 11. Qh3 h6 12. O-O Ne4 13. Rad1 Ng5 14. Qh5 f6 15. Bf4 f5 16. Bxg5 Bxg5 {½-½ (34) Abel,L (2275)-Karadzic,B (2330) Budapest 1986}) 11... Bxf6 12. Qh3 {[%csl Gd3][%cal Rh3h7] [#]} g6 13. f4 a5 14. Nf3 Ba6 15. Bxa6 Rxa6 {[%cal Ba8a6,Ba6c6,Bc6c2][%mdl 32]} 16. O-O b5 17. a3 Rc6 18. Qg3 b4 19. axb4 axb4 20. Ne5 Bxe5 21. fxe5 cxd4 22. cxd4 Rc2 23. Rf2 $36 {[%mdl 2048] Weiss hat gut koordiniertes Spiel.} Qc7 24. h4 Rc8 25. Raf1 Rxf2 26. Qxf2 $11 {[%mdl 4096] Endspiel KDT-KDT} Qe7 27. h5 gxh5 28. Qf4 Kg7 ({Lieber} 28... Kh8 $11) 29. Qg3+ Kh8 {Die Stellung ist ausgeglichen.} 30. Qf3 Qg5 31. Qxf7 Qxe3+ 32. Kh2 {[#] Weiss droht Df6+ und Matt.} Rg8 33. Qf6+ Rg7 34. Qd8+ Rg8 35. Qf6+ Rg7 36. Qd8+ Rg8 37. Qf6+ Rg7 38. Qd8+ Rg8 {( -> ...Dg3+)} 39. Qf6+ {Precision: Weiß = 67%, Schwarz = 74%.} 1/2-1/2

[Event "1st Gujarat GM Open 2018"]
[Site "Ahmedabad"]
[Date "2018.10.12"]
[Round "10"]
[White "Swati Ghate"]
[Black "Sardana, Rishi"]
[Result "1/2-1/2"]
[WhiteElo "2215"]
[BlackElo "2418"]
[Annotator "TA"]
[PlyCount "89"]
[EventDate "2018.10.05"]
[EventType "swiss"]
[EventCountry "IND"]
[SourceTitle "playchess.com"]
[Source "ChessBase"]
[SourceQuality "1"]

{[%evp 16,89,38,43,47,47,47,51,70,62,72,73,70,59,57,56,108,104,105,104,113,114,120,91,93,72,83,60,63,65,89,61,137,38,31,45,206,199,204,118,124,9,12,11,9,14,20,0,0,0,0,0,49,0,0,-30,0,-45,0,0,0,0,0,0,0,0,0,0,0,0,0,0,0,0,0,0]} 1. e4 e5 2. Nf3 Nc6 3. Bb5 a6 4. Ba4 Nge7 5. c3 d6 6. d4 Bd7 7. O-O Ng6 8. Be3 Be7 9. Nbd2 h6 {C75: Ruy Lopez: Deferred Steinitz: 5 c3 Bd7 6 d4 without ...g6} 10. Re1 Bg5 11. Nf1 b5 {White is slightly better.} 12. Bc2 Bg4 $146 ({Predecessor:} 12... Qf6 13. a4 Rb8 14. axb5 axb5 15. Ra6 Nh4 16. Nxh4 Bxh4 17. g3 Bg5 18. dxe5 Nxe5 {1-0 (41) Smirin,I (2662)-Gabdrakhmanov,R (2427) Togliatti 2003}) 13. h3 Bxf3 14. Qxf3 Bxe3 15. Qxe3 Qg5 (15... O-O $14) 16. Qxg5 $16 hxg5 17. d5 Nce7 18. a4 Kd7 19. axb5 axb5 20. Bd3 c6 21. g3 Rhb8 22. Ne3 Kc7 23. Rec1 Kb6 ({Better is} 23... cxd5 $14 24. exd5 Ra4) 24. b4 ({White should play} 24. dxc6 $16 Kxc6 25. b4) 24... Rxa1 25. Rxa1 Rb7 $2 {[#]} (25... cxd5 $14 26. exd5 e4 27. Bxe4 Ne5) 26. dxc6 $18 Kxc6 27. Ra5 (27. Ra6+ $18 Rb6 28. Ra5) 27... Nf8 $16 28. Nd5 (28. Be2 $16) 28... Nxd5 $11 29. exd5+ Kxd5 30. Bxb5 {[%mdl 4096] Endgame KRB-KRN} Rc7 31. Be2+ Ke6 32. c4 Nd7 33. Ra6 Rb7 34. b5 (34. c5 $5 Rxb4 35. Bg4+ f5 36. Rxd6+ Ke7 37. Bxf5 Nxc5 38. Rc6 $16) 34... f5 35. Rc6 Ra7 36. Bh5 Ra1+ 37. Kg2 {The position is equal.} Ra2 38. g4 {Black must now prevent Ra6.} f4 {[#] And now ...e4 would win.} 39. Bg6 Nc5 40. Bf5+ Ke7 41. b6 Rb2 42. Rc7+ Kf6 43. Rc6 Ke7 44. Rc7+ Kf6 {Threatens to win with ...e4.} 45. Rc6 {Precision: White = 52%, Black = 54%.} 1/2-1/2

[Event "1st Gujarat GM Open 2018"]
[Site "Ahmedabad"]
[Date "2018.10.12"]
[Round "10"]
[White "Nandhidhaa, P V"]
[Black "Raghunandan, Kaumandur Srihari"]
[Result "1/2-1/2"]
[WhiteElo "2212"]
[BlackElo "2394"]
[Annotator "TA"]
[PlyCount "100"]
[EventDate "2018.10.05"]
[EventType "swiss"]
[EventCountry "IND"]
[SourceTitle "playchess.com"]
[Source "ChessBase"]
[SourceQuality "1"]

{[%evp 21,100,17,29,0,8,-32,-2,-12,-16,-26,-24,-36,-31,-16,60,0,25,0,10,14,14,6,25,25,38,43,45,8,8,0,0,0,12,0,0,-33,21,-50,0,0,0,0,4,6,6,0,8,16,29,29,35,15,19,0,2,0,0,0,20,26,15,23,46,8,8,8,48,22,22,22,22,22,22,22,22,22,22,22,22,0,0]} 1. e4 c5 2. Nf3 d6 3. d4 cxd4 4. Nxd4 Nf6 5. Nc3 a6 6. Be2 e6 7. O-O Be7 8. Be3 O-O 9. f4 Qc7 10. g4 d5 11. e5 {B85: Sizilianisch (Scheveninger System)} (11. exd5 Nxd5 12. Nxd5 exd5 13. Bf3 Re8 14. Qd2 Nc6 15. c3 Bd6 16. Rae1 Bd7 17. Qf2 Nxd4 18. Bxd4 Bb5 {½-½ (37) Wang,H (2710)-Zhou,J (2615) Hangzhou 2018}) 11... Nfd7 {LiveBook: 8 Partien} 12. Bf3 Nc6 13. Nce2 $146 ({Vorgänger:} 13. Qd2 Nxd4 14. Bxd4 Bc5 15. g5 b5 16. Ne2 Bxd4+ 17. Nxd4 Bb7 18. c3 Nc5 {0-1 (40) Bernard,B (2205)-Stursa,J (2215) Czechia 2001}) 13... g5 $1 14. Bg2 gxf4 15. Nxf4 Ndxe5 {zielt auf ...Sc4 ab.} 16. Nh5 f6 17. c3 Ng6 (17... Rf7 $11) 18. Qe2 (18. Nf5 $1 $14) 18... Nce5 {[%cal Bc6e5,Be5g4,Bg4e3][%mdl 32]} 19. Rae1 Bd7 20. Bf2 Qc4 21. Bg3 (21. Qxc4 {feels hotter.} dxc4 22. Bg3 Rac8 23. g5 Nd3 24. Rxe6 fxg5 25. Rxe7 Nxe7 26. Nf6+) 21... Qxe2 ({Nicht} 21... Qxa2 $2 {[#]} 22. g5 $1 $18 {[%mdl 512]}) 22. Rxe2 Nxg4 23. Nxe6 Bb5 24. Nxf8 Bxe2 25. Re1 {[#] Droht stark Sxg6.} Kxf8 26. Rxe2 Rd8 27. Rd2 Ne3 28. Bh1 b5 ({Lieber} 28... Bc5 $15 29. Bf2 f5) 29. b3 (29. Rd3 $11) 29... b4 30. cxb4 Bxb4 31. Rd3 Ng4 32. Rxd5 Rc8 {Droht ...Tc1+ und aus.} 33. Bf3 N4e5 34. Be4 Rc1+ 35. Kg2 Ke7 36. Rd4 a5 37. Rd5 Ra1 38. a4 Ra2+ 39. Kh3 Rb2 (39... Nf7 $5 {[%cal Rf7g5]}) 40. Rb5 Rxb3 41. Rb7+ Nd7 42. Nxf6 Kxf6 43. Rxd7 h5 44. Rd3 (44. Rf7+ {looks sharper.} Kxf7 45. Bd5+ Kf6 46. Bxb3 Bd2 47. Bc2) 44... Rxd3 {Die Stellung ist ausgeglichen.} 45. Bxd3 $11 {[%mdl 4096] Endspiel KLL-KLS} Kg5 46. Bc7 Nf4+ 47. Bxf4+ $1 Kxf4 48. Kh4 Be1+ 49. Kxh5 Bf2 50. h4 Be1 {Precision: Weiß = 31%, Schwarz = 50%.} 1/2-1/2

[Event "1st Gujarat GM Open 2018"]
[Site "Ahmedabad"]
[Date "2018.10.12"]
[Round "10"]
[White "Surendran N"]
[Black "Audi Ameya"]
[Result "0-1"]
[WhiteElo "2210"]
[BlackElo "2375"]
[Annotator "TA"]
[PlyCount "88"]
[EventDate "2018.10.05"]
[EventType "swiss"]
[EventCountry "IND"]
[SourceTitle "playchess.com"]
[Source "ChessBase"]
[SourceQuality "1"]

{[%evp 24,88,18,17,37,20,39,27,36,17,22,-5,16,-8,0,-2,20,18,10,7,4,-64,-55,-30,-43,-70,-43,-125,-104,-122,-84,-129,-130,-191,-125,-276,-276,-276,-276,-292,-296,-299,-300,-308,-308,-361,-362,-352,-350,-389,-283,-425,-295,-286,-288,-275,-256,-5035,-5003,-2138,-2135,-29970,-29971,-29970,-29969,-29973,-29974]} 1. d4 Nf6 2. Nf3 g6 3. c4 Bg7 4. g3 O-O 5. Bg2 d6 6. Nc3 Nc6 7. O-O a6 8. h3 Bd7 9. e4 e5 {E63: Königsindisch (6...Sc6)} 10. dxe5 Nxe5 (10... dxe5 11. Be3 Be6 12. Qa4 h6 13. Rad1 Qb8 14. Rfe1 Rd8 15. c5 Qa7 16. b4 Rac8 17. a3 Qb8 18. Qc2 Rxd1 19. Rxd1 {0-1 (58) Khismatullin,D (2634)-Fedoseev,V (2707) Satka 2018}) 11. Nxe5 dxe5 12. Be3 Be6 13. Qe2 {LiveBook: 12 Partien} Qc8 14. Kh2 Re8 15. Nd5 $146 ({Vorgänger:} 15. c5 a5 16. b3 Nd7 17. Na4 {1-0 (39) Aubry,Y (2255)-Prioul,J (1960) Rennes 2014}) 15... Nd7 16. Rac1 c6 17. a4 a5 18. Rfd1 Bf8 19. Qf1 f6 20. f4 Bf7 21. fxe5 fxe5 22. Qf2 (22. Nf6+ $11 Nxf6 23. Qxf6) 22... cxd5 $15 23. cxd5 Qb8 $1 24. Rf1 Re7 25. Bg5 (25. h4 $1 $15) 25... Be8 $17 26. Bxe7 Bxe7 27. h4 Qd6 28. Bh3 (28. Qc2 $17 {war nötig.}) 28... Nf6 (28... Nc5 $19 {Weiss muss nun ...Sd3 beachten.} 29. Qe3 Bxa4) 29. Be6+ $2 {[#]} (29. Qc2 $17) 29... Qxe6 $1 $19 {[%mdl 512]} 30. dxe6 Ng4+ 31. Kh3 Nxf2+ 32. Rxf2 Bc6 (32... Bxa4 33. Rf7 $19) 33. h5 Re8 (33... Bxa4 34. Rf7 $17) (33... gxh5 34. Rf5 $19) (33... Bxe4 34. Re2 $19) 34. Rf7 Bg5 ({Nicht} 34... Bxa4 35. hxg6 hxg6 36. Rc7 $17) (34... Bxe4 35. h6 $19) (34... gxh5 35. Rf5 $19) 35. Rcf1 Bxe4 ({Auf keinen Fall} 35... Rxe6 36. Rf8+ Kg7 37. R1f7+ Kh6 38. Rh8 $19) ({Weniger gut wäre} 35... gxh5 36. R7f5 $19) 36. Kg4 Bh6 37. Rd7 (37. hxg6 {ist der einzige Weg für Weiss..} Bxg6 38. Rxb7) 37... Bf5+ 38. Rxf5 gxf5+ 39. Kxf5 {[%mdl 4096] Endspiel [#] KTL-KT} e4 $1 {[%cal Be5e4,Be4e3,Be3e2][%mdl 32]} 40. Rxb7 $2 (40. Kxe4 Rxe6+ 41. Kf5) 40... e3 41. Rb5 Bg7 {( -> ...e2)} 42. Rc5 e2 {Schwarz setzt Matt.} 43. Rc1 Rf8+ 44. Kg4 Bxb2 {Precision: Weiß = 25%, Schwarz = 77%.} 0-1

[Event "1st Gujarat GM Open 2018"]
[Site "Ahmedabad"]
[Date "2018.10.12"]
[Round "10"]
[White "Kulkarni, Vinayak"]
[Black "Manish Anto Cristiano F"]
[Result "1-0"]
[WhiteElo "2203"]
[BlackElo "1961"]
[Annotator "TA"]
[PlyCount "81"]
[EventDate "2018.10.05"]
[EventType "swiss"]
[EventCountry "IND"]
[SourceTitle "playchess.com"]
[Source "ChessBase"]
[SourceQuality "1"]

{[%evp 20,81,10,0,0,8,29,19,20,27,57,40,56,41,52,46,137,107,146,145,145,145,145,144,172,150,183,181,228,228,229,236,228,240,319,310,383,380,324,341,462,443,602,562,539,489,663,682,720,675,612,381,803,763,1389,1377,1350,1195,29974,29975,29975,29976,29967,29968]} 1. d4 d5 2. c4 c6 3. Nc3 Nf6 4. e3 e6 5. Nf3 Nbd7 6. Qc2 Bd6 7. b3 O-O 8. Be2 b6 9. O-O Bb7 10. Bb2 Qc7 {D45: Damengambit (Anti-Meraner Variante)} (10... Qe7 11. Rfd1 Rfe8 12. Rac1 Rac8 13. Bf1 c5 14. cxd5 exd5 15. dxc5 bxc5 16. Qf5 Qe6 17. Bd3 Ne5 18. Ng5 Qe7 19. Bb5 h6 20. Nf3 Nxf3+ 21. gxf3 {½-½ (81) Laznicka,V (2662)-Gelfand,B (2703) Novy Bor 2018}) 11. Rad1 {LiveBook: 4 Partien} Rad8 12. Rfe1 Qb8 $146 {Die Stellung ist ausgeglichen.} ({Vorgänger:} 12... Rfe8 13. e4 Nxe4 14. Nxe4 dxe4 15. Qxe4 Nf6 16. Qc2 Bb4 17. Nd2 c5 18. a3 Bxd2 19. Rxd2 {1-0 (31) Neverov,V (2560)-Lekic,D (2390) Budva 2009}) 13. Bf1 c5 14. cxd5 Nxd5 15. Nxd5 (15. Ne4 {looks sharper.} N5f6 16. Nxd6 Bxf3 17. gxf3 Qxd6 18. f4) 15... Bxd5 16. e4 Bb7 17. d5 $36 {[%mdl 2048] Und weiter mit e5 wäre nett. Weiss kämpft um Vorteil.} e5 ({Lieber} 17... Ne5 $14) 18. Nd2 {[%cal Bf3d2,Bd2c4,Bc4e3,Be3g4][%mdl 32]} Rfe8 19. Qc3 Bf8 20. a4 a6 21. Nc4 f6 22. Ne3 g6 23. h4 {[%cal Bh2h4,Bh4h5][%mdl 32]} Bh6 24. Ng4 Bg7 {[#]} 25. h5 $1 {[%mdl 512]} f5 {[#]} (25... gxh5 26. Ne3) 26. exf5 $1 gxf5 27. Ne3 Rf8 28. Bd3 f4 29. Nf5 Bf6 30. Nh6+ Kg7 31. Ng4 Qd6 32. Bf5 Rfe8 33. Be6 Rxe6 34. dxe6 Qxe6 35. Qh3 {Schwarz muss nun h6+ beachten.} Bc6 $2 (35... Rg8 36. Qd3 Bc6) 36. Nxf6 Qxf6 {[#]} 37. Bxe5 $1 {[%mdl 512]} Nxe5 38. Rxd8 f3 39. Qg3+ {Weiß setzt Matt.} Kf7 40. Rxe5 {[%csl Gd8][%cal Rg3g8]} Qxd8 41. Qf4+ {Precision: Weiß = 79%, Schwarz = 28%.} 1-0

[Event "1st Gujarat GM Open 2018"]
[Site "Ahmedabad"]
[Date "2018.10.12"]
[Round "10"]
[White "Jeet, Jain"]
[Black "Arjun Kalyan"]
[Result "*"]
[WhiteElo "2185"]
[BlackElo "2408"]
[Annotator "TA"]
[PlyCount "28"]
[EventDate "2018.10.05"]
[EventType "swiss"]
[EventCountry "IND"]
[SourceTitle "playchess.com"]
[Source "ChessBase"]
[SourceQuality "1"]

{[%evp 12,25,35,15,14,21,22,14,14,14,14,12,13,9,20,7]} 1. e4 e5 2. Nf3 Nc6 3. Bc4 Nf6 4. d3 Bc5 5. c3 a6 6. O-O d6 7. Bb3 h6 {The position is equal. C54: Giuoco Piano: 4 c3 Nf6, main lines with 5 d4 and 5 d3} 8. Nbd2 O-O 9. h3 Re8 10. Re1 Be6 11. Bxe6 Rxe6 12. b4 Ba7 13. Qc2 {[#]} {Predecessor:} Ne7 $146 14. Nf1 Ng6 {½-½ (14) Ganguly,S (2654)-Kasimdzhanov,R (2703) Tashkent 2016} *

[Event "1st Gujarat GM Open 2018"]
[Site "Ahmedabad"]
[Date "2018.10.12"]
[Round "10"]
[White "Jeet, Jain"]
[Black "Arjun Kalyan"]
[Result "1/2-1/2"]
[WhiteElo "2185"]
[BlackElo "2408"]
[Annotator "RC"]
[PlyCount "65"]
[EventDate "2018.10.05"]
[EventType "swiss"]
[EventCountry "IND"]
[SourceTitle "playchess.com"]
[Source "ChessBase"]
[SourceQuality "1"]
[TimeControl "5400+30"]

1. e4 {[%emt 0:00:00]} e5 {[%emt 0:00:00]} 2. Nf3 {[%emt 0:00:00]} Nc6 {[%emt 0:00:00]} 3. Bc4 {[%emt 0:00:07]} Nf6 {[%emt 0:00:00]} 4. d3 {[%emt 0:00:07]} Bc5 {[%emt 0:00:02]} 5. c3 {[%emt 0:00:07]} a6 {[%emt 0:00:35]} 6. O-O {[%emt 0:00:09]} d6 {[%emt 0:00:07]} 7. Bb3 {[%emt 0:00:10]} h6 {[%emt 0:00:08]} 8. Nbd2 {[%emt 0:00:16]} O-O {[%emt 0:00:14]} 9. h3 {[%emt 0:00:06]} Re8 {[%emt 0:01:12]} 10. Re1 {[%emt 0:00:12]} Be6 {[%emt 0:00:16]} 11. Bxe6 {[%emt 0:00:38]} Rxe6 {[%emt 0:01:09]} 12. b4 {[%emt 0:00:24]} Ba7 {[%emt 0:01:11]} 13. Qc2 {[%emt 0:00:26]} d5 {[%emt 0:02:25]} 14. a4 {[%emt 0:00:31]} Qe8 {[%emt 0:22:39]} 15. Nb3 {[%emt 0:07:00]} Ne7 {[%emt 0:04:13]} 16. c4 {[%emt 0:01:27]} dxe4 {[%emt 0:06:58]} 17. dxe4 {[%emt 0:00:16]} Nc6 {[%emt 0:00:40]} 18. Bd2 {[%emt 0:07:15]} Nd4 {[%emt 0:03:58]} 19. Nbxd4 {[%emt 0:00:59]} Bxd4 {[%emt 0:00:33]} 20. Bc3 {[%emt 0:01:30]} c5 {[%emt 0:06:54]} 21. bxc5 {[%emt 0:03:52]} Bxc3 {[%emt 0:06:24]} 22. Qxc3 {[%emt 0:00:04]} Rc8 {[%emt 0:01:15]} 23. a5 {[%emt 0:06:33]} Rxc5 {[%emt 0:01:18]} 24. Rab1 {[%emt 0:01:26]} Qa4 {[%emt 0:04:12]} 25. Rxb7 {[%emt 0:05:56]} Rxc4 {[%emt 0:02:28]} 26. Qd3 {[%emt 0:02:10]} Rcc6 {[%emt 0:06:46]} 27. Rb8+ {[%emt 0:05:19]} Kh7 {[%emt 0:00:20]} 28. Rf8 {[%emt 0:00:12]} Qxa5 {[%emt 0:08:57]} 29. Rxf7 {[%emt 0:01:19]} Rc7 {[%emt 0:01:46]} 30. Rf8 {[%emt 0:00:47]} Rc3 {[%emt 0:00:52]} 31. Qd2 {[%emt 0:03:02]} Ra3 {[%emt 0:00:25]} 32. Qc1 {[%emt 0:03:05]} Rc3 {[%emt 0:00:37]} 33. Qd2 1/2-1/2